| 000 | 00645nam a2200205Ia 4500 | ||
|---|---|---|---|
| 001 | 3254 | ||
| 003 | GE_BSU | ||
| 008 | 181216s||||||||xx |||||||||||||| ||und|| | ||
| 040 | _cGE_BSU | ||
| 080 | _a62(035) | ||
| 100 | _aАнисимов,Е.В. Законников,В.П. Никифорова-Денисова,С.Н. и др. | ||
| 245 | _aОбщетехнический справочник. | ||
| 245 | _cПод.ред. А.Н.Малова. | ||
| 260 | _aМ. | ||
| 260 | _bМашиностроение. | ||
| 260 | _c1971. | ||
| 300 | _a464 стр. 21 см. | ||
| 653 | _aОбщетехнический справочник | ||
| 942 | _cBK | ||
| 999 |
_c37295 _d37295 |
||